Drama structures: a practical handbook for teachers (Record no. 27449)
[ view plain ]
| 000 -LEADER | |
|---|---|
| fixed length control field | 00474nam a2200169Ia 4500 |
| 005 - DATE AND TIME OF LATEST TRANSACTION | |
| control field | 20251020104105.0 |
| 008 - FIXED-LENGTH DATA ELEMENTS--GENERAL INFORMATION | |
| fixed length control field | 231207s9999 xx 000 0 und d |
| 020 ## - INTERNATIONAL STANDARD BOOK NUMBER | |
| International Standard Book Number | 0748701915 |
| 040 ## - CATALOGING SOURCE | |
| Transcribing agency | PK-LaNCA |
| 082 ## - DEWEY DECIMAL CLASSIFICATION NUMBER | |
| Classification number | MUS 792.0712 |
| Item number | ONE |
| 100 ## - MAIN ENTRY--PERSONAL NAME | |
| Author Name | O'Neill, Cecily |
| 245 #0 - TITLE STATEMENT | |
| Title | Drama structures: a practical handbook for teachers |
| 260 ## - PUBLICATION, DISTRIBUTION, ETC. | |
| Name of publisher, distributor, etc. | Stanley Thornes Publishers |
| Place of publication, distribution, etc. | Cheltenham, UK |
| Date of publication, distribution, etc. | 1990 |
| 300 ## - PHYSICAL DESCRIPTION | |
| Pages | 237p |
| 650 ## - SUBJECT ADDED ENTRY--TOPICAL TERM | |
| Subject | Drama - Study and teaching |
| 942 ## - ADDED ENTRY ELEMENTS (KOHA) | |
| Koha item type | Musicology |
| 999 ## - | |
| -- | 27449 |
| -- | 27449 |
| Withdrawn status | Weedout from Library | Permanent Location | Current Location | Shelving location | Date acquired | Full call number | Barcode | Price effective from | Koha item type |
|---|---|---|---|---|---|---|---|---|---|
| NATIONAL COLLEGE OF ARTS, LAHORE - LIBRARY | NATIONAL COLLEGE OF ARTS, LAHORE - LIBRARY | Musicology Section Basement of Library | 08/12/2023 | MUS 792.0712 ONE 31903 | 31903 | 08/12/2023 | Musicology |